000 00667cam a22002413a 4500
001 20367
003 PGUSA
005 20140828083430.0
008 070115s2007||||xxu|||||s|||||000 1 eng d
040 _aPGUSA
_beng
042 _adc
050 4 _aPS
100 1 _aBabcock, Bernie,
_d1868-1962
245 1 4 _aThe Coming of the King
_h[electronic resource] /
_cBernie Babcock
260 _bProject Gutenberg,
_c2007
506 _aPublic domain in the USA.
516 _aElectronic text
653 _aChristian fiction
653 _aJesus Christ -- Fiction
830 0 _aProject Gutenberg
_v20367
856 4 0 _uhttp://www.gutenberg.org/ebooks/20367
942 _cEB
999 _c249622
_d249622